书目信息 |
| 题名: |
世界奥林匹克解题大辞典——几何卷
|
|
| 作者: | 刘玉翘 著 | |
| 分册: | ||
| 出版信息: | 石家庄 河北少年儿童出版社 2002 |
|
| 页数: | 1207页 | |
| 开本: | 20cm | |
| 丛书名: | ||
| 单 册: | ||
| 中图分类: | O12-61 | |
| 科图分类: | ||
| 主题词: | 初等数学 | |
| 电子资源: | ||
| ISBN: | 7-5376-2584-0 | |
| 000 | 00564nam0 2200181 450 | |
| 001 | 0732828906 | |
| 005 | 20070903090708.90 | |
| 010 | @a7-5376-2584-0@d¥56.20 | |
| 100 | @a20070903d km y0chiy0120 ea | |
| 101 | 0 | @achi |
| 200 | 1 | @a世界奥林匹克解题大辞典——几何卷@Ashi jie ao lin pi ke jie ti da ci dian——ji he juan@f刘玉翘著@Fliu yu qiao zhu |
| 210 | @a石家庄@c河北少年儿童出版社@d2002 | |
| 215 | @a1207页@d20cm | |
| 606 | 0 | @a初等数学 |
| 690 | @aO12-61@v3 | |
| 701 | 0 | @a刘玉翘@Aliu yu qiao@4著 |
| 801 | 0 | @aCN@bPFT@c20070903 |
| 905 | @a213230@dO12-61@eS230@f1 | |
| 世界奥林匹克解题大辞典——几何卷/刘玉翘著.-石家庄:河北少年儿童出版社,2002 |
| 1207页;20cm |
| ISBN 7-5376-2584-0:¥56.20 |
| ● |
| 相关链接 |
|
|
|
|
正题名:世界奥林匹克解题大辞典——几何卷
索取号:O12-61/S230
 
预约/预借
| 序号 | 登录号 | 条形码 | 馆藏地/架位号 | 状态 | 备注 |
| 1 | 6700648 | 267006483 | 密集书库-数信学院/ [索取号:O12-61/S230] | 在馆 |